| 000 | 00000nam##2200000za#4500 |
| 001 | 9.648439 |
| 003 | CaOODSP |
| 005 | 20210615113108 |
| 007 | ta |
| 008 | 150407|2002||||xxc||||| f|0| 0 eng|d |
| 020 | |a0-662-31553-7 |
| 040 | |aCaOODSP|beng |
| 043 | |an-cn--- |
| 086 | 1 |aH68-53/2002E |
| 110 | 1 |aCanada.|bNational Council of Welfare. |
| 245 | 14|aThe cost of poverty |
| 260 | |aOttawa - Ontario : |bNational Council of Welfare |c2001. |
| 300 | |a21p. : |breferences ; |c28 cm. |
| 500 | |a"The Cost of Poverty is not about the people who live in poverty at any given time. Instead it reflects a challenge to our assumptions about poverty itself- and about whom it hurts-so that we can find more innovative, lasting ways to prevent it."--Introduction. |
| 563 | |aSoftcover |
| 590 | |a02-07|b2002-02-15 |
| 690 | 07|aPoverty|2gcpds |
| 690 | 07|aCosts|2gcpds |
| 690 | 07|aEconomic issues|2gcpds |
| 690 | 07|aIncome security|2gcpds |
| 690 | 07|aLow income|2gcpds |
| 690 | 07|aWelfare|2gcpds |
| 775 | 08|tLe coût de la pauvreté |w(CaOODSP)9.681724 |
| 776 | 0#|tThe cost of poverty |w(CaOODSP)9.695055 |
| 986 | |aVolume #115, National Council of Welfare reports |